TV picture projection and enlargement.

Bibliographic Details
Main Author: Lytel, Allan Herbert, 1920-
Format: Book
Language:English
Published: New York : J. F. Rider, [1949]
Subjects:

MARC

Tag First Indicator Second Indicator Subfields
LEADER 00000cam a2200000 4500
001 in00000706613
005 20151016052239.0
008 750828s1949 nyua b 00000 eng
010 |a  49010514  
035 |a (OCoLC)01579495 
035 |9 ADB5720AM 
040 |a DLC  |c DZM  |d OCL  |d TXA  |d UtOrBLW 
049 |a TXAM  |c 1 [175726]  |c 2 [406858] 
050 0 0 |a TK6653  |b  .L9 
082 0 |a 621.38836 
100 1 |a Lytel, Allan Herbert,  |d 1920- 
245 1 0 |a TV picture projection and enlargement. 
264 1 |a New York :  |b J. F. Rider,  |c [1949] 
300 |a xi, 179 pages :  |b illustrations ;  |c 23 cm. 
336 |a text  |b txt  |2 rdacontent 
337 |a unmediated  |b n  |2 rdamedia 
338 |a volume  |b nc  |2 rdacarrier 
504 |a Bibliography: pages 175-176. 
650 0 |a Television projection. 
999 |a MARS 
999 f f |s 7c2e6f9b-d721-31c4-b282-296b903ecf49  |i 03e0899d-5c17-32e3-b5da-383120ed8b2a  |t 0 
952 f f |p ric  |a Texas A&M University  |b Rellis Campus  |c Joint Library Facility  |s JLF  |d Remote Storage  |t 0  |e TK6653 .L9  |h Library of Congress classification  |i unmediated -- volume  |m A14805491708 
998 f f |a TK6653 .L9  |t 0  |l Remote Storage